Normal view
MARC view
Entry Personal Name
001 - CONTROL NUMBER
- control field: 23456
003 - CONTROL NUMBER IDENTIFIER
- control field: dpl
005 - DATE AND TIME OF LATEST TRANSACTION
- control field: 20101013141052.0
008 - FIXED-LENGTH DATA ELEMENTS
- fixed length control field: 101013|||a|||||| | ||| d
040 ## - CATALOGING SOURCE
- Original cataloging agency: dpl
- Transcribing agency: dpl
100 ## - HEADING--PERSONAL NAME
- Personal name: Ghosh, Anjana
670 ## - SOURCE DATA FOUND
- Source citation: Work cat.: (dpl)42677: Ghosh, Anjana, Role of women councillors in urban local bodies :, 2010
670 ## - SOURCE DATA FOUND
- Source citation: Work cat.: (dpl)42677: Ghosh, Anjana, Role of women councillors in urban local bodies :, 2010
